Movies With The Most Oscars - Statistics

General Stats
  • This quiz has been taken 122 times
  • The average score is 5 of 15
Answer Stats
Number Of Academy Awards Movie % Correct
11 Titanic
88%
11 The Lord of the Rings: The Return of the King
67%
9 Gone With The Wind
60%
11 Ben-Hur
58%
8 Gandhi
25%
10 West Side Story
25%
9 Gigi
23%
9 The English Patient
18%
9 The Last Emperor
17%
8 My Fair Lady
14%
8 Cabaret
13%
8 Slumdog Millionaire
13%
8 On The Waterfront
12%
8 Amadeus
11%
8 From Here To Eternity
11%
No matching quizzes found
Score Distribution
Percent of People with Each Score
Percentile by Number Answered
Your Score History
You have not taken this quiz